Hamilton Apocrypha & The Hamilton Mixtape Quiz Stats

 Plays Quiz not verified by Sporcle

Challenge
Share
Tweet
Embed
Score 0/39 Timer 10:00
1 Play Today
Song % Correct
Congratulations (Off-Broadway)
57.1%
My Shot (Off-Broadway)
48.7%
Satisfied (Demo)
37%
Aaron Burr, Sir (Off-Brodway)
29.9%
One Last Ride
29.9%
The Adams Administration (Off-Broadway)
29.9%
Let It Go
29.2%
Cabinet Battle #3
28.6%
No John Trumbull
26%
Dear Theodosia (Reprise)
26%
Ten Things One Thing
22.1%
Right Hand Man (Off-Broadway)
20.8%
Tomorrow There'll Be More Of Us
19.5%
Tomorrow There'll Be More Of Us (Off-Broadway)
19.5%
Cabinet Battle #1 (Off-Broadway)
19.5%
Schuyler Defeated (Off-Broadway)
19.5%
Who Lives, Who Dies, Who Tells Your Story (Unofficial Recording)
16.9%
Your Obedient Servant (Off-Broadway)
16.9%
We Know (Off-Broadway)
15.6%
The Hamilton Mixtape
14.9%
Song % Correct
Button!
13%
What Comes Next? (Off-Broadway)
12.3%
Washington On Your Side (Off-Broadway)
11.7%
Ja-Burr!
11%
Lafayette Interlude
11%
Redcoat Transition
10.4%
The Hamilton Children
9.7%
A Chorus Line 40th Anniversary Tribute
9.1%
Broadway Cares Rap
9.1%
The Tevye Sisters
9.1%
Easter Bonnet 2016: The Fleet Street Remix
8.4%
Hamilton Motifs
8.4%
Ode to James Corden (Tony Awards 2016)
8.4%
Hamilton Annotation Project
7.8%
Hamilton Cypher
7.1%
Best Musical Theater Album Acceptance Speech (Grammys 2016)
7.1%
Tony Awards 2016 Acceptance Sonnet
7.1%
The Hamilton Mixtape (Chris Hayes Excerpt)
5.8%
Tony Awards 2016 Acceptance Speech
5.8%

You're not logged in!

Compare scores with friends on all Sporcle quizzes.
OR
Log In

You Might Also Like...

Show Comments

Extras

Top Quizzes Today


Score Distribution

Your Account Isn't Verified!

In order to create a playlist on Sporcle, you need to verify the email address you used during registration. Go to your Sporcle Settings to finish the process.

Report this User

Report this user for behavior that violates our Community Guidelines.

Details: